[Event "AUTO-ELITE-2273"]
[Site "http://www.queenalice.com/game.php?id=1629233"]
[Date "2020.10.7"]
[Round "1"]
[White "JUNIOR2"]
[Black "Sexxy_Bunny"]
[Result "0-1"]
[WhiteElo "2363"]
[BlackElo "2690"]

1. e4 c5 2. Nf3 d6 3. d4 cxd4 4. Nxd4 Nf6 5. Nc3 a6 6. Bg5 e6 7. f4 Qb6 8. Qd2
Qxb2 9. Rb1 Qa3 10. e5 h6 11. Bh4 dxe5 12. fxe5 g5 13. exf6 gxh4 14. Be2 Qa5 15.
O-O Nd7 16. Rbd1 h3 17. g3 Bb4 18. Qe3 Qg5 19. Qe4 Bc5 20. Kh1 Qe5 21. Rf4 Qxe4+
22. Nxe4 b6 23. Nxc5 bxc5 24. Nb3 Bb7+ 25. Kg1 Bg2 26. Nd2 Bd5 27. Nc4 Bxc4 28.
Bxc4 h5 29. a4 Rh6 30. Rd6 Nxf6 31. Rxa6 Rd8 32. Bd3 h4 33. gxh4 Nd5 34. Rf3
Rxh4 35. Bb5+ Ke7 36. Ra7+ Kd6 37. Raxf7 c4 38. Rg3 Nc7 39. Re3 Nxb5 40. axb5
Kc5 0-1

[Event "AUTO-MASTER-3110"]
[Site "http://www.queenalice.com/game.php?id=1789597"]
[Date "2022.5.26"]
[Round "1"]
[White "Holanda76"]
[Black "JUNIOR2"]
[Result "1/2-1/2"]
[WhiteElo "2277"]
[BlackElo "2272"]

1. d4 Nf6 2. c4 e6 3. Nf3 d5 4. Nc3 dxc4 5. e4 Bb4 6. Bg5 c5 7. Bxc4 h6 8. Bxf6
Qxf6 9. e5 Bxc3+ 10. bxc3 Qe7 11. O-O O-O 12. Nd2 cxd4 13. cxd4 Nc6 14. Ne4 Qd8
15. Nd6 Qb6 16. Re1 Nxd4 17. Rb1 Qc5 18. Rc1 Qb6 19. Rb1 Qc5 20. Rc1 Qb6 21. Qd2
Nf5 1/2-1/2

[Event "AUTO-MASTER-3110"]
[Site "http://www.queenalice.com/game.php?id=1789598"]
[Date "2022.5.26"]
[Round "1"]
[White "JUNIOR2"]
[Black "Holanda76"]
[Result "0-1"]
[WhiteElo "2276"]
[BlackElo "2321"]

1. e4 c5 2. Nf3 Nc6 3. Nc3 d6 4. d4 cxd4 5. Nxd4 Nf6 6. Bg5 e6 7. Qd2 Be7 8.
O-O-O O-O 9. f4 Nxd4 10. Qxd4 Qa5 11. Be2 Bd7 12. e5 dxe5 13. fxe5 Rfd8 14. Bh4
Bb5 15. exf6 Rxd4 16. fxe7 Rxh4 17. Bxb5 Rb4 18. e8=Q+ Rxe8 19. Bxe8 Kf8 20. a3
Rg4 21. Bb5 Rxg2 22. h4 a6 23. Bd3 h5 24. Ne4 Ke7 25. Nc3 Rg4 26. Kb1 g6 27. Be4
Qc7 28. Bf3 Rc4 29. Rde1 Kf8 30. Be4 Kg7 31. Bf3 b5 32. Rh3 Qb6 33. Be2 Rd4 34.
Kc1 Qd8 35. Reh1 e5 0-1

[Event "AUTO-MASTER-3110"]
[Site "http://www.queenalice.com/game.php?id=1789609"]
[Date "2022.5.26"]
[Round "1"]
[White "manasses"]
[Black "JUNIOR2"]
[Result "0-1"]
[WhiteElo "2255"]
[BlackElo "2265"]

1. d4 d5 2. c4 dxc4 3. e4 e5 4. d5 Nf6 5. Nc3 b5 6. Bg5 Bc5 7. Nf3 Nbd7 8. Qc2
a6 9. Be2 h6 10. Bh4 O-O 11. O-O Bb7 12. a4 c6 13. Rfd1 cxd5 14. Nxd5 Bxd5 15.
Rxd5 g5 16. Rxc5 Nxc5 17. Bg3 Nfxe4 18. Rd1 Qe7 19. axb5 axb5 20. Nd2 Nxd2 21.
Qxd2 Rfd8 22. Qb4 Rxd1+ 23. Bxd1 Qd7 0-1

[Event "AUTO-MASTER-3110"]
[Site "http://www.queenalice.com/game.php?id=1789610"]
[Date "2022.5.26"]
[Round "1"]
[White "JUNIOR2"]
[Black "manasses"]
[Result "1-0"]
[WhiteElo "2277"]
[BlackElo "2243"]

1. e4 c5 2. Nf3 d6 3. d4 cxd4 4. Nxd4 Nf6 5. Nc3 Nc6 6. Bg5 e6 7. Qd2 Be7 8.
O-O-O O-O 9. f4 h6 10. Bh4 a6 11. Nxc6 bxc6 12. e5 Nd5 13. Bxe7 Qxe7 14. Ne4
dxe5 15. fxe5 Rd8 16. c4 Qc7 17. Nd6 Ne7 18. Bd3 a5 19. g4 Ba6 20. g5 h5 21.
Rhf1 Nf5 22. g6 Nxd6 23. exd6 Rxd6 24. gxf7+ Kf8 25. Qg5 Rd7 26. Qc5+ Re7 27.
Qxh5 Rxf7 28. Bg6 Rxf1 29. Qh8+ Ke7 30. Qxg7+ 1-0

[Event "AUTO-ELITE-2428"]
[Site "http://www.queenalice.com/game.php?id=1794883"]
[Date "2022.8.24"]
[Round "1"]
[White "raulzampronha"]
[Black "JUNIOR2"]
[Result "0-1"]
[WhiteElo "2323"]
[BlackElo "2318"]

1. d4 d5 2. c4 e6 3. Nc3 Bb4 4. Qa4+ Nc6 5. e3 Bd7 6. Qc2 dxc4 7. Bxc4 e5 8. Nf3
exd4 9. exd4 Nf6 10. d5 Qe7+ 11. Be3 Na5 12. Bb3 Ng4 13. O-O Nxe3 14. fxe3 Qxe3+
15. Kh1 O-O 16. Rae1 Qh6 17. Qe4 Bd6 18. Bc2 Rae8 19. Qd4 c5 20. dxc6 Nxc6 21.
Qh4 Qxh4 22. Nxh4 Rxe1 23. Rxe1 Rd8 24. Bf5 Bxf5 25. Nxf5 Bb4 26. g4 g6 27. Ng3
Rd2 28. Re2 Bxc3 29. bxc3 Rxe2 30. Nxe2 Kg7 31. Kg2 Kf6 32. Kg3 Ke5 0-1

[Event "AUTO-ELITE-2428"]
[Site "http://www.queenalice.com/game.php?id=1794884"]
[Date "2022.8.24"]
[Round "1"]
[White "JUNIOR2"]
[Black "raulzampronha"]
[Result "1-0"]
[WhiteElo "2305"]
[BlackElo "2348"]

1. d4 Nf6 2. c4 e6 3. Nc3 Bb4 4. f3 Nh5 5. Nh3 O-O 6. e4 f5 7. Bg5 Be7 8. Bxe7
Qxe7 9. e5 Nc6 10. f4 g6 11. Qd2 d6 12. O-O-O dxe5 13. fxe5 Rd8 14. Qe3 b6 15.
Be2 Ng7 16. Bf3 Bb7 17. d5 exd5 18. Nxd5 1-0